The Way of Man : According to the Teaching of Hasidism /

Αποθηκεύτηκε σε:
Λεπτομέρειες βιβλιογραφικής εγγραφής
Κύριος συγγραφέας: Buber, Martin (autor)
Μορφή: Βιβλίο
Γλώσσα:Αγγλικά
Έκδοση: Nueva York, EUA : Citadel, 1970, c1966
Έκδοση:3a edición
Θέματα:
Ετικέτες: Προσθήκη ετικέτας
Δεν υπάρχουν, Καταχωρήστε ετικέτα πρώτοι!

MARC

LEADER 00000nam^a2200000^a^4500
001 000187425
005 20250521000000.0
009 20260310102301.612
020 |a 0-8065-0024-7 
037 |a Acervo ITESO - Biblioteca 
041 |a ING 
082 |a 296. 8332  |b BUB 
100 |a Buber, Martin  |e (autor) 
245 1 4 |a The Way of Man :  |b According to the Teaching of Hasidism /  |c M. Buber. 
250 |a 3a edición 
264 4 |a Nueva York, EUA :  |b Citadel,  |c 1970, c1966 
300 |a 41 p. 
336 |a texto  |b txt  |2 rdacontenido 
337 |a sin mediación  |b n  |2 rdamedio 
338 |a volumen  |b nc  |2 rdasoporte 
649 |a XX 
650 |a Vida Monástica y Religiosa 
650 |a Espiritualidad 
650 |a Hasidismo 
650 |a Judaísmo 
650 |a Religión 
910 |a Fondo General 
920 |a Impresos - Libros 
930 |a Colección General 
905 |a 101 
901 |a 0500129827  |b IT1  |c ACC  |u 20250521 
902 |a https://opac.biblio.iteso.mx/vufind/Record/000187425